000 00744nam0a22002411 4500
001 rc\59182
005 20250620163849.0
010 _a5-85037-111-7
_975000
035 _a(NLR Aleph) 005335515
090 _a6637186
_c6637186
100 _a20021216d1995 |||y0rusy50 ca
101 0 _arus
102 _aRU
105 _aa |||||||||
200 1 _aДомашний зоопарк
_e[Загадки
_eДля детей
_fБ. Эльшанский
_gХудож. В. Жигарев]
210 _aМ.
_cАлтей-М
_dБ. г. (1995)
215 _a[9] с.
_cв основном цв. ил.
_d14х20
701 1 _aЭльшанский
_bБ.
801 0 _aRU
_bNLR
_gpsbo
801 1 _aRU
_bELAR
_2rusmarc
852 _aNLR
_j95-6/252
942 _cBOOK
980 _aNB